000 00349nam a2200133Ia 4500
008 190216s9999||||xx |||||||||||||| ||und||
100 _aKhanna. D.R & Gulati. H.R
245 0 _aFundamentals Of Optics
250 _a11st Ed.
260 _bR Chand And Co
_c1984
300 _a658 p
650 _aPhysical & Theoretical Chemistry
942 _cBK
999 _c32996
_d32996